000 00684nam a2200193Ia 4500
003 GCL
008 140319s9999 xx 000 0 ara d
020 _a12 084 399 97
040 _aGCL /
_cGCL
082 0 4 _a704.9481
_bأ ن
100 1 _aاحمد عبدالكريم
245 1 0 _aالنظم الايقاعية فى جماليات الفن الإسلامى /
_cاحمد عبدالكريم
260 _aالقاهرة :
_bأطلس للنشر والانتاج الاعلامى ،
_c2007
300 _a224 ص ؛
_c28 سم
650 0 4 _aالاثار الاسلامية
650 0 4 _aالفن الاسلامى - تاريخ
650 0 4 _aالفن الاسلامى
942 _2ddc
_cBK
999 _c9383
_d9383